First 10 U.S. States to Legalize Same-Sex Marriage - Statistics

General Stats
  • This quiz has been taken 48 times
  • The average score is 8 of 10
Answer Stats
Year State % Correct
2011 New York
100%
2013 California
98%
2012 Washington
90%
2012 Maine
83%
2008 Connecticut
80%
2009 Vermont
80%
2004 Massachusetts
76%
2013 Maryland
73%
2010 New Hampshire
71%
2009 Iowa
34%
No matching quizzes found
Score Distribution
Percent of People with Each Score
Percentile by Number Answered
Your Score History
You have not taken this quiz